Т. 2; Гражданское право

書誌詳細
Parent link:Гражданское право: Учебник/ Под ред. А. П. Сергеева, Ю. К. Толстого. Т. 2.— 2-е изд., перераб. и доп..— , 1999-
言語:ロシア語
出版事項: 2000
主題:
フォーマット: MixedMaterials 図書
KOHA link:https://koha.lib.tpu.ru/cgi-bin/koha/opac-detail.pl?biblionumber=24603

MARC

LEADER 00000nam2a2200000 4500
001 24603
005 20231030200301.0
010 |a 5927800017 
035 |a (RuTPU)RU\TPU\book\24832 
035 |a BOOK00002597 
090 |a 24603 
100 |a 20011209d2000 m y0rusy50 ca 
101 0 |a rus 
102 |a RU 
105 |a y j 000zy 
200 0 |a Т. 2 
210 |d 2000 
215 |a 718 с. 
461 1 |0 (RuTPU)RU\TPU\book\65766  |t Гражданское право  |o Учебник  |o В 3 т.  |f Под ред. А. П. Сергеева, Ю. К. Толстого  |v Т. 2  |e 2-е изд., перераб. и доп.  |d 1999- 
610 1 |a право 
610 1 |a государство 
610 1 |a Россия 
610 1 |a гражданское право 
610 1 |a обязательное право 
610 1 |a семейное право 
610 1 |a собственность 
610 1 |a наследственное право 
610 1 |a учебные пособия 
686 |a Х623я73  |v LBC/SL-A  |2 rubbk 
801 0 |a RU  |b 63413507  |c 20011209  |g PSBO 
801 2 |a RU  |b 63413507  |c 20200923  |g PSBO 
942 |c BK